La strada di qualcun altro /

Uloženo v:
Podrobná bibliografie
Hlavní autor: Cherubini, Fiorella (Autor)
Médium: Kniha
Jazyk:italština
Vydáno: Napoli : Nuove edizioni tipografiche, 2004
Tagy: Přidat tag
Žádné tagy, Buďte první, kdo vytvoří štítek k tomuto záznamu!

MARC

LEADER 00000nam a22000007i 4500
001 IT\ICCU\NAP\0324629
003 ItRI
005 20260115232250.0
008 050131s2004 it |||||| ||||| |||||c
040 |b ita  |c importazione bologna sebina 
041 7 |a ita  |2 ISO-639-2 
100 1 |a Cherubini, Fiorella  |0 IT\ICCU\NAPV\095596  |4 aut 
245 1 3 |a La strada di qualcun altro /  |c romanzo di Fiorella Cherubini. 
260 |a Napoli :  |b Nuove edizioni tipografiche,  |c 2004 
300 |a 157 p. ;  |c 21 cm. 
942 |2 ddc  |c BK  |n 0 
952 |0 0  |1 0  |4 0  |6 DOC_853_920000000000000_CHE  |7 0  |9 23247  |a BO  |b BO  |d 2026-01-15  |i 8557  |l 0  |o DOC 853.92 CHE  |p BO8557  |r 2026-01-15 23:22:50  |w 2026-01-15  |x [Sebina 5] [1 v.]  |y BK  |z 1 v. 
999 |c 19824  |d 19824